Obálka Náhled e-knihy:
PDF Epub
Pro půjčování e-knih musíte být přihlášeni.
Jak si půjčit online?

3x 100 hororů. II., Čertova bažina /

Druhá část rozsáhlého projektu 3x 100 hororů zahrnuje další stovku hororových povídek s tématem hrůzy, mystiky, záhrobí a především humoru z tvorby populárního českého humoristy.

Uloženo v:
Série:3x 100 hororů, část 2
Hlavní autor: Švandrlík, Miloslav, 1932-2009 (Autor)
Médium: E-kniha
Jazyk:Czech
Vydáno: Praha : Epocha, 2026
Vydání:Vydání druhé
Témata:
Příbuzné jednotky:Z cyklu:: 3x 100 hororů
Tagy:
Žádné tagy
LEADER 02377nam a2200445 i 4500
001 313990
003 CZ PrSKC
005 20260630062710.0
007 ta
008 260629s2026 xr g 000 j cze
015 |a cnb003767405 
020 |a 9788027802906  |q (vázáno) 
040 |a ABG001  |b cze  |e rda 
072 7 |a 821.162.3-3  |x Česká próza  |2 Konspekt 
080 |a 821.162.3-32  |2 MRF 
080 |a (0:82-321.5)  |2 MRF 
080 |a (0:82-322.4)  |2 MRF 
100 1 |a Švandrlík, Miloslav,  |d 1932-2009  |7 jk01131832  |4 aut 
245 1 0 |a 3x 100 hororů.  |n II.,  |p Čertova bažina /  |c Miloslav Švandrlík 
246 3 |a Třikrát sto hororů 
250 |a Vydání druhé 
264 1 |a Praha :  |b Epocha,  |c 2026 
300 |a 385 stran ;  |c 22 cm 
336 |a text  |b txt  |2 rdacontent 
337 |a bez média  |b n  |2 rdamedia 
338 |a svazek  |b nc  |2 rdacarrier 
520 2 |a Druhá část rozsáhlého projektu 3x 100 hororů zahrnuje další stovku hororových povídek s tématem hrůzy, mystiky, záhrobí a především humoru z tvorby populárního českého humoristy.  |b Miroslav Švandrlík se se svou humoristickou, napínavou i hororově laděnou literární tvorbou zapsal neopakovatelně do dějin české literární scény. Vynalézavé povídky zavádějí čtenáře na tajuplná opuštěná místa mezi upíry, strašidla a jiné podivné nadpřirozené bytosti. Barvité strašidelné rekvizity pak autorovi umožní využít osvědčené škály zábavných point a humoru. 
655 7 |a české povídky  |7 fd133971  |2 czenas 
655 7 |a humoristické povídky  |7 fd132428  |2 czenas 
655 7 |a horory (povídky)  |7 fd132417  |2 czenas 
655 9 |a Czech short stories  |2 eczenas 
655 9 |a humorous short stories  |2 eczenas 
655 9 |a horror tales  |2 eczenas 
710 2 |a Epocha (nakladatelství)  |7 xx0214891  |4 pbl 
900 |a ABG001  |b 18 
044 |a xr 
787 0 8 |g 2  |i Z cyklu:  |t 3x 100 hororů 
910 |a RBIT002 
998 |d 428038  |a https://core.palmknihy.cz/api/books/428038/cover?th8nty  |b https://core.palmknihy.cz/api/books/428038/cover/400?th8nty  |c https://core.palmknihy.cz/api/books/428038/cover/50?th8nty  |e 2031-06-26  |g 392  |i 9788027802906  |j https://core.palmknihy.cz/api/books/428038/preview.epub  |k https://core.palmknihy.cz/api/books/428038/preview.pdf  |l   |q 49  |r 1  |s https://www.palmknihy.cz/kniha/428038  |t ebook  |y 2026  |z 0  |v 3x 100 hororů  |w 2 
999 |d 313988